00686cam a22002171 4500001001300000003000400013005001700017008004100034010001700075035001900092040002700111045000900138050001600147100002700163245013700190260003000327300001700357651004400374700003300418999001700451f 01001971 DLC20260227111241.0780510m18411842fr 000 0 fre  af 01001971  a(OCoLC)3882601 aDLCcFTaSUdFTaSUdDLC av8v900aDC146b.D951 aDuval, Georges,d1772-10aSouvenirs de la terreur de 1788 à 1793,cpar M. Georges Duval, précédés d'une introduction historique par M. Charles Nodier. aParis,bWerdet,c1841-42. a4 v.c22 cm. 0aFrancexHistoryyRevolution, 1789-1799.1 aNodier, Charles,d1780-1844. c22688d22688